Counseling /

Gespeichert in:
Bibliographische Detailangaben
1. Verfasser: Danon, Marcella (Verfasst von)
Format: Buch
Sprache:Italienisch
Veröffentlicht: Milano : Red, c2009
Ausgabe:Nuova ed. aggiornata
Schriftenreihe:L'altra medicina ; 289
Tags: Tag hinzufügen
Keine Tags, Fügen Sie das erste Tag hinzu!

MARC

LEADER 00000nam a22000007i 4500
001 IT\ICCU\MIL\0764513
003 ItRI
005 20251029111353.0
008 090317s2009 it |||||| ||||| |||||c
020 |a 9788874479870 
040 |b ita  |c ct 
041 7 |a ita  |2 ISO-639-2 
100 1 |a Danon, Marcella  |0 IT\ICCU\CFIV\137711  |4 aut 
245 1 0 |a Counseling /  |c Marcella Danon. 
250 |a Nuova ed. aggiornata 
260 |a Milano :  |b Red,  |c c2009 
300 |a 236 p. ;  |c 21 cm. 
830 2 |a L'altra medicina ;  |v 289  |0 IT\ICCU\CFI\0023440 
942 |2 ddc  |c BK 
952 |0 0  |1 0  |2 ddc  |4 0  |6 153_600000000000000_DAN_COU  |7 0  |9 346  |a GE  |b GE  |d 2023-11-10  |l 0  |o 153.6 DAN COU  |p 3941  |r 2023-11-24 22:27:00  |w 2023-11-24  |y BK 
999 |c 253  |d 253